[Event "SapporoSummer2022"]
[Site "?"]
[Date "2022.07.18"]
[Round "5.3"]
[White "Yoshii, Yukihiko"]
[Black "Takeuchi, Hiroshi"]
[Result "1/2-1/2"]
[WhiteElo "1686"]
[BlackElo "1393"]
[Annotator "Fritz 11 SE (30s)"]
[PlyCount "107"]
[SourceVersionDate "2022.07.18"]

{[%mdl 8192] E97: King's Indian: Classical Main Line (6...e5 7 0-0 Nc6): 8 Be3
and 8 d5 Ne7, not 9 Ne1} 1. c4 Nf6 2. Nc3 d6 3. d4 g6 4. e4 Bg7 5. Nf3 O-O 6.
Be2 e5 7. O-O Nc6 8. d5 Ne7 9. h3 Nd7 (9... Ne8 10. Bg5 f6 11. Bh4 Kh8 12. Qd2
Ng8 13. b4 Qe7 14. Rab1 h5 15. Bg3 Bh6 16. Qd3 Ng7 17. Bh4 g5 18. Bg3 f5 19. c5
f4 20. Bh2 g4 21. hxg4 hxg4 22. Nd2 Nh5 23. cxd6 cxd6 24. g3 {WoDra (2534)
-McShane (2381) playchess.com INT 2006 0-1 (35)}) (9... a5 10. Be3 Ne8 11. Qd2
f5 12. exf5 gxf5 13. Bh6 f4 14. Bxg7 Nxg7 15. Bd3 Nef5 16. Rfe1 Nh5 17. a3 Bd7
18. b4 Qe7 19. Nb5 Be8 20. Bxf5 Rxf5 21. bxa5 Qg7 22. Kh1 Nf6 23. Rg1 Rh5 24.
Kh2 {Da Silva,H (2219)-Violla Cunha,M (2322) Rio de Janeiro 2015 0-1 (31)}) 10.
Be3 a6 $146 {Covers b5} (10... f5 11. exf5 gxf5 12. Ng5 Nf6 13. f4 Bh6 14. Qd2
exf4 15. Bxf4 Ng6 16. g3 Nxf4 17. gxf4 Ne4 18. Ncxe4 fxe4 19. Qe3 Qf6 20. Bg4
Bxg4 21. hxg4 Bxg5 22. fxg5 Qxb2 23. Qxe4 Rae8 24. Rxf8+ Rxf8 25. Rf1 {Grachev,
B (2483)-Gubajdullin,A (2344) Samara 2003 1/2-1/2 (41)}) (10... a5 11. Qa4 $14)
11. a4 (11. a3 f5 $14) 11... f5 $14 {Nimzovich: attack the chain at its base}
12. Ng5 Nf6 13. f4 (13. Qb3 h6 14. Ne6 Bxe6 15. dxe6 fxe4 $14) 13... Nxe4 14.
Ngxe4 fxe4 15. Nxe4 (15. g4 $5 $11 {looks like a viable alternative}) 15... Nf5
$17 16. Bc1 exf4 17. Rxf4 Bh6 {Black threatens to win material: Bh6xf4} (17...
Qe7 $142 $5 18. Bd3 Bd7 $17) 18. Rf3 Bxc1 19. Rxc1 {Black has a cramped
position} Qe7 20. Qd3 Bd7 21. b3 {Consolidates a4} (21. Re1 Bxa4 22. g4 Rae8
$17) 21... Rae8 $17 22. Nc3 Qg5 {Black threatens to win material: Qg5xc1} (
22... Ne3 $142 $5 23. Rxf8+ Rxf8 $17) 23. Rcf1 $15 Ne3 (23... Nh4 24. Rxf8+
Rxf8 25. Rxf8+ Kxf8 26. g4 $11) 24. Rxf8+ $11 Rxf8 25. Rxf8+ Kxf8 {Black has a
mate threat} 26. Bf3 Bxh3 {[%cal Re3g2,Rg5g2,Rh3g2,Gf3g2,Gg1g2] Will g2 fall?}
27. Qd2 Bd7 $4 {with this move Black loses his initiative} (27... Qf4 28. Ne2
Qg5 29. Nc3 $11) 28. Ne4 $4 {ruins a clearly superior position} (28. Nd1 $142
$18 {White has a promising position}) 28... Qf4 $15 29. g3 $4 (29. c5 h5 $11)
29... Qh6 (29... Qxf3 $142 {and Black has triumphed} 30. Qf2 Qxf2+ 31. Kxf2 Nc2
$19) 30. Nf6 {White threatens to win material: Nf6xd7} Bh3 31. g4 $2 (31. c5
Ng4 (31... dxc5 $143 32. d6 cxd6 33. Qxd6+ Kf7 34. Ne4 $16) 32. Qxh6+ Nxh6 33.
cxd6 cxd6 34. Nxh7+ Kg7 $15) 31... Kg7 $4 {Black threatens to win material:
Kg7xf6. forfeits the advantage} (31... Qf4 32. Qf2 Kg7 33. Ne8+ Kf7 34. Nxc7
Nxg4 35. Bxg4 Qxf2+ 36. Kxf2 Bxg4 37. b4 $19) 32. Ne8+ $4 {allows the opponent
back into the game} (32. Qd4 $142 {would be a reprieve} Kf7 33. Qe4 Kxf6 34.
Qe6+ Kg7 35. Qd7+ Kg8 36. Qe6+ Kf8 37. Qc8+ Ke7 38. Qe6+ Kd8 39. Qg8+ Kd7 40.
Qe6+ Kd8 41. Qg8+ Kd7 42. Qe6+ Kd8 $11) 32... Kf7 $19 33. Nxc7 Qf4 34. Qf2 Nxg4
35. Bxg4 Qxf2+ 36. Kxf2 Bxg4 37. b4 h5 38. c5 Ke7 (38... dxc5 $142 $5 39. bxc5
Bd7 $19) 39. c6 $17 bxc6 (39... Kd8 40. Ne6+ Kc8 41. cxb7+ Kxb7 42. a5 $17) 40.
dxc6 {White has a new passed pawn: c6. Black has a new passed pawn: d6} Kd8 41.
Nxa6 Bd1 42. c7+ $4 (42. a5 $142 {this is the best way to fight back} Ba4 43.
Nb8 $15) 42... Kc8 $19 43. b5 Bxa4 44. b6 Bd7 45. Nb4 (45. Nb8 Bh3 46. Nc6 Kb7
$19) 45... Kb7 46. Nd5 Bc6 {Black threatens to win material: Bc6xd5} (46... h4
$142 $19 {it becomes clear that Black will call all the shots}) 47. Ne7 $11 {
White has a mate threat} Bd7 48. Kf3 $4 {releasing the pressure on the opponent
} (48. Nd5 h4 $19) 48... h4 (48... g5 $142 $19 {and Black wins}) 49. Nxg6 $11
Kxb6 50. Nxh4 Kxc7 51. Ke4 Kc6 52. Kd4 Bh3 53. Ng6 Bg2 54. Nh4 1/2-1/2

[Event "SapporoSummer2022"]
[Site "?"]
[Date "2022.07.18"]
[Round "5.5"]
[White "Ito, Katsuhide"]
[Black "Nishimori, Toshiyuki"]
[Result "0-1"]
[WhiteElo "1296"]
[BlackElo "1684"]
[Annotator "Fritz 11 SE (30s)"]
[PlyCount "86"]
[SourceVersionDate "2022.07.18"]

{[%mdl 8256] B33: Sicilian: Pelikan and Sveshnikov Variations} 1. e4 c5 2. Nf3
Nc6 3. d4 cxd4 4. Nxd4 Nf6 5. Nc3 e5 6. Ndb5 d6 7. Bg5 a6 8. Na3 b5 9. Bxf6
gxf6 10. Nd5 f5 11. Bd3 Be6 12. Qh5 f4 13. O-O Bg7 14. c3 O-O 15. Nc2 (15. g4
Kh8 16. Kh1 Rg8 17. g5 Ne7 18. f3 Bf8 19. Rad1 Rg7 20. Bc2 Ng8 21. Rg1 Be7 22.
h4 Rg6 23. Bb3 Rb8 24. Rd2 a5 25. c4 a4 26. Bc2 bxc4 27. Nxc4 Bd7 28. Rgd1 Bxg5
29. hxg5 Rxg5 {Polgar,J (2630)-Nunn,J (2605) Monte Carlo 1994 1-0 (34)}) 15...
f6 $146 (15... Ra7 16. a4 bxa4 17. Rxa4 a5 18. b4 f5 19. c4 f3 20. Qxf3 f4 21.
b5 Ne7 22. b6 Rb7 23. Rxa5 Ng6 24. Qh5 Bf7 25. Qh3 Qg5 26. Rfa1 Bxd5 27. exd5
e4 28. Bxe4 Bxa1 29. Qe6+ Kh8 30. Bxg6 {Kruszynski,W (2270)-Bielczyk,J (2200)
Augustow 1975 1/2-1/2 (45)}) (15... Kh8 16. a4 (16. Rfd1 Rg8 17. a4 bxa4 18.
Rxa4 Bf8 19. h3 Rg5 20. Qf3 Bxd5 21. exd5 Ne7 22. Nb4 f5 23. Nc6 Qd7 24. Nxe7
Bxe7 25. Rxa6 Rag8 26. Bf1 Bf6 27. Rda1 e4 28. Qxf4 Qg7 29. g3 Be5 30. Qh4 e3 {
Szelag,M (2484)-Timoshenko,G (2560) Cappelle-la-Grande 2008 0-1 (36)}) 16...
bxa4 17. Rxa4 a5 18. Na3 (18. Bb5 Ne7 19. Rfa1 Bxd5 20. exd5 Nxd5 21. Qf3 Nc7
22. Rxa5 Rb8 23. Qc6 f5 24. Nb4 e4 25. Bf1 Rc8 26. Rd1 Ne6 27. Qd5 Nc5 28. Ra7
Qg5 29. Nc6 e3 30. f3 Qh4 31. Nd4 Qf2+ 32. Kh1 Rce8 {Matta,V (2257)-Stany,G 
(2334) Bhiwani 2010 1/2-1/2 (49)}) 18... f5 19. Nc4 Bf7 20. Qh3 Bxd5 21. exd5
Ne7 22. Rfa1 Rf6 23. Nxa5 e4 24. Nc6 Rxa4 25. Rxa4 Qe8 26. Bb5 Nxd5 27. Nd4 Qb8
28. b4 Ne7 29. Qh4 Qc8 30. c4 {Perez Gormaz,M (2216)-Zambrana,O (2502)
Montevideo 2011 0-1 (74)}) (15... Ne7 $5 $14) 16. a4 $16 bxa4 17. Rxa4 a5 18.
b4 axb4 19. Rxa8 Qxa8 20. Ra1 {White threatens to win material: Ra1xa8} (20.
cxb4 f5 21. Nc7 Bf7 22. Qxf5 Qc8 23. Qxc8 Rxc8 $16) 20... Qb8 (20... Qb7 21.
Ra6 Ne7 22. Ncxb4 $16 (22. Rxd6 $6 Bf7 23. Qh3 bxc3 $11)) 21. cxb4 (21. Ncxb4
Bf7 22. Qf5 Nxb4 23. cxb4 Re8 $16) 21... Bf7 (21... f5 22. Bc4 Kh8 23. b5 $14)
22. Qg4 (22. Qf5 Qc8 23. Nxf6+ Bxf6 24. Qxf6 Nd4 25. Nxd4 Qc3 $18) 22... Qd8 (
22... f5 23. Nf6+ Kh8 24. Qxf5 $14) 23. b5 Ne7 (23... f5 $142 24. Qxf5 Bxd5 $16
) 24. b6 $4 {gives the opponent counterplay} (24. Nxf6+ $142 {White has a
promising position} Kh8 25. Nd7 $16) 24... Nxd5 (24... Bxd5 $142 25. exd5 f5
$17) 25. b7 $4 (25. exd5 Qxb6 26. Qf5 Bg6 (26... Bxd5 $4 {Taking that pawn is
naive} 27. Qxh7+ Kf7 28. Bg6+ Ke7 29. Nb4 $18) 27. Qe6+ Kh8 28. Bxg6 hxg6 $11)
25... Qb6 $4 {Black threatens to win material: Qb6xb7. a transit from better
to worse} (25... f5 {and Black can already relax} 26. Qd1 Nc3 27. Qe1 $19) 26.
Qd7 $2 (26. exd5 $142 {would keep White in the game} Qxb7 27. Qf5 $15) 26...
Nc7 $19 27. Qc8 $4 {sad, but how else could White save the game?} (27. Na3 Be6
28. Qe7 Qxb7 29. Nb5 $19) 27... Be6 28. Qa8 (28. b8=Q {otherwise it's curtains
at once} Qxb8 29. Qxb8 Rxb8 30. f3 $19) 28... Nxa8 29. Na3 (29. bxa8=Q {
is one last hope} Rxa8 30. Rxa8+ Bf8 31. Ne1 $19) 29... Qxb7 30. Rb1 Qc7 31.
Nb5 Qa5 (31... Qc5 $142 {seems even better} 32. Ra1 $19) 32. Nxd6 Qc3 33. Bf1
Rd8 34. Nf5 Bxf5 35. exf5 Nc7 36. Be2 Nd5 (36... Qc2 37. Ra1 Qxe2 38. h3 Rd2
39. Rf1 e4 40. h4 e3 41. g3 exf2+ 42. Kg2 Qg4 43. Rxf2 Qxg3+ 44. Kh1 Qxf2 45.
h5 Qg2#) 37. Rd1 Bf8 38. Bf3 (38. g3 {does not solve anything} Ne3 $1 {Mate
attack} 39. Rc1 Qxc1+ 40. Bd1 Qxd1#) 38... Qc5 (38... Ne3 39. Rb1 Rb8 40. Rf1
Nxf1 41. Bd5+ Kg7 42. g3 Ne3 43. fxe3 Rb2 44. Bg2 Qd2 45. Bh3 Qxh2+ 46. Kf1
Qf2#) 39. g4 fxg3 40. hxg3 Rd6 41. Kg2 Ne3+ $1 {Double attack: d1/g2} 42. fxe3
Qc2+ 43. Kh3 (43. Kg1 {hardly improves anything} Rxd1+ 44. Bxd1 Qxd1+ 45. Kf2
Bc5 46. g4 Qxg4 47. Ke1 Bxe3 48. Kf1 Qf3+ 49. Ke1 Qg2 50. Kd1 Qd2#) 43... Rxd1
(43... Rxd1 44. g4 Rd2 45. Bd5+ Rxd5 46. Kg3 Rd2 47. g5 Rh2 48. gxf6 Qg2#) 0-1